000 00658nas a2200229 4500
001 BR9212386
003 BR-BrBNA
005 20231205095230.0
007 ta
008 230509b bl.|||p| |||| 00| 00por d
040 _aBR-BrBNA
_bpor
_cBiblioteca Nacional de Agricultura
041 _a(Pt)
072 _aE21; E12
100 1 _aRodrigues, M.C.P.
245 1 _aConjuntura setorial; nivel de atividade
650 _aPolitica Industrial
650 _aIndustrializacao
650 _aDesemprego
773 0 _tConjuntura Economica (Brazil)
_x
_g(May 1992), v. 46(5) p. 58-59
_wBR9212386
909 _a202311
_bLúcia
_c55
_dLúcia Elande
942 _2AGRIS
_n0
_cANA
999 _c149488
_d149488